000 00597nam a2200229Ia 4500
003 OSt
005 20221007080353.0
006 a|||||r|||| 00| 0
007 ta
008 221006b |||||||| |||| 00| 0 eng d
024 _a39,986
037 _cTextual
040 _aFLL
_cFLL
_beng
041 _2eng
_aeng
082 _aD65,8(B):Z2, Q4
100 _aDuggal D.
_9694850
245 0 _aCyber law
260 _aNew Delhi
_bUniversal Law Publishing Co. India
_c2014
300 _axv,146p
_ccm.
942 _hD65,8(B):Z2, Q4
_cTEXL
_2CC
999 _c1159349
_d1159349